Κατάλογος Βιβλιοθηκών Mediterranean College

Corporate Finance / Principles and Practice: Second Edition (Record no. 6079)

MARC details
000 -LEADER
fixed length control field 01994cam a22002174a 4500
005 - ΗΜΕΡΟΜΗΝΙΑ ΚΑΙ ΩΡΑ ΤΕΛΕΥΤΑΙΑΣ ΕΝΗΜΕΡΩΣΗΣ
Πεδίο ελέγχου 20250605164232.0
008 - FIXED-LENGTH DATA ELEMENTS--GENERAL INFORMATION
Πεδίο ελέγχου σταθερού μήκους 250528s ||||||||||||||||||||||||d
035 ## - SYSTEM CONTROL NUMBER
System control number 21002
020 ## - ISBN
ISBN 9781599416083
040 ## - ΠΗΓΗ ΚΑΤΑΛΟΓΟΓΡΑΦΗΣΗΣ
Φορέας πρωτότυπης καταλογογράφησης MC Athens Campus Library
Γλώσσα καταλογογράφησης Ελληνικά, Μοντέρνα (1453-)
Modifying agency MC Athens Campus Library
Κανόνες περιγραφικής καταλογογράφησης AACR2
245 1# - ΤΙΤΛΟΣ ΚΑΙ ΔΗΛΩΣΗ ΥΠΕΥΘΥΝΟΤΗΤΑΣ
Τίτλος Corporate Finance / Principles and Practice: Second Edition
250 ## - EDITION STATEMENT
Edition statement 2nd
260 ## - PUBLICATION, DISTRIBUTION, ETC.
Name of publisher, distributor, etc. Thomson Reuters/ Foundation Press,
Date of publication, distribution, etc. 2010
300 ## - PHYSICAL DESCRIPTION
Extent 872
505 0# - FORMATTED CONTENTS NOTE
Formatted contents note Preface, Acknowledgements, Introduction, Measuring Firm Output, Forms of Financial Reports, Valuing Firm Output, Discounting and Present Value, The Cost of Capital, Efficient Capital Markets, Valuation in the Courts, Capital Structure, The Range of Financial Choices, The Real World, Capital Structure in the Courts, The Wages of Excessive Debt, Common Stock, The Problem of Dilution, Corporate Debt, Contract Interpretation, Contract Terms, Capital Leasing, Preferred Stock, Dividends, Board Duties, Options and Convertible Securities, How Options Operate, Valuation of Options, Dividends and Distributions, Distributions and Investor Wealth, Stock Dividends and Stock Splits, Stock Repurchases, Leveraged Buyouts, Index.
520 ## - SUMMARY, ETC.
Summary, etc. Preface, Acknowledgements, Introduction, Measuring Firm Output, Forms of Financial Reports, Valuing Firm Output, Discounting and Present Value, The Cost of Capital, Efficient Capital Markets, Valuation in the Courts, Capital Structure, The Range of Financial Choices, The Real World, Capital Structure in the Courts, The Wages of Excessive Debt, Common Stock, The Problem of Dilution, Corporate Debt, Contract Interpretation, Contract Terms, Capital Leasing, Preferred Stock, Dividends, Board Duties, Options and Convertible Securities, How Options Operate, Valuation of Options, Dividends and Distributions, Distributions and Investor Wealth, Stock Dividends and Stock Splits, Stock Repurchases, Leveraged Buyouts, Index.
700 1# - ΠΡΟΣΘΕΤΗ ΑΝΑΓΡΑΦΗ--ΦΥΣΙΚΟ ΠΡΟΣΩΠΟ
Personal name Carney William J
9 (RLIN) 7021
942 ## - ADDED ENTRY ELEMENTS (KOHA)
Koha item type Books
Holdings
Τύπος τεκμηρίου Βιβλιοθήκη Τρέχουσα τοποθεσία Barcode Αριθμός εισαγωγής Ημερομηνία απόκτησης Ταξιθετικό σύμβολο Αριθμός αντιτύπου Κατάσταση απόσυρσης Κατάσταση χαμένου Κατάσταση κατεστραμμένου Μη δανεισμός Σύνολο δανεισμών Ημερομηνία τελευταίας εμφάνισης Η τιμή ισχύει από
Books MC Athens Campus Library MC Athens Campus Library 9780000060785 6767 05/06/2025 REF 658.15 CAR 1           05/06/2025 05/06/2025

MC Athens Campus Library
Πατησίων 94 & Κοδριγκτώνος 13, 104 34
Πελλήνης 8 & Πατησίων 107, 112 51
Τ: +30 210 8899600

MC Thessaloniki Campus Library
Ίωνος Δραγούμη 21, 54625 | Ίωνος Δραγούμη 15, 54625
Τ: +30 2310 287779 – Τ: +30 2314 440300